| 000 | 00477nam a2200157Ia 4500 | ||
|---|---|---|---|
| 008 | 210716s2009 xx 000 0 und d | ||
| 020 | _a9780387848693 | ||
| 041 | _aeng | ||
| 082 | _a574.80285 MATV | ||
| 100 | _aMathura, Venkatarajan Subramanian; Kangueane, Pandjassarame. | ||
| 245 |
_aBioinformatics: a concept based introduction. _bA concept based introduction. |
||
| 250 | _a1 | ||
| 260 |
_aNew York _bSpringer _c2009 |
||
| 300 | _axviii,184 | ||
| 650 | _aBioinformatics | ||
| 999 |
_c190204 _d190204 |
||